| 000 | 00541nam a22001577a 4500 | ||
|---|---|---|---|
| 003 | OSt | ||
| 005 | 20151105144452.0 | ||
| 008 | 151105b xxu||||| |||| 00| 0 eng d | ||
| 040 | _cRUA | ||
| 082 | _aFOR BO 1999 B125 Or.1 | ||
| 100 |
_93400 _aBO, YOURY. |
||
| 245 | _aStudy on forest management in kratie province, សិក្សាពីការរៀបចំគ្រប់គ្រងព្ៃឈើក្នុងខេត្តក្រចេះ | ||
| 260 |
_aPhnom penh _bRUA _c1999 |
||
| 300 |
_a59p. _bill. _c29cm. |
||
| 942 |
_2ddc _cFOR |
||
| 999 |
_c3172 _d3172 |
||